00553nam a22001577a 4500003000400000005001700004008004100021040002700062100001900089245011300108260003100221300000800252942001500260952010500275999001500380OSt20240403112312.0240403b |||||||| |||| 00| 0 eng d cCentral Library MRSPTU aS.V. Kirloskar aThe Man Who Made Machines bBiography of The Pioneering Industrialist from Maharashtra : Laxmanrao Kirloskar bKirloskar Brothers Limited a278 2ddccBKn0 00102ddc40708BKaMCLbMCLd2024-04-03l2pG-128r2025-05-15 12:00:01s2025-04-28w2024-04-03yBK c9961d9961